Duarte en mi corazón de niño / (Registro nro. 15690)

Detalles MARC
000 -CABECERA
campo de control de longitud fija 01718nam a2200325 a 4500
001 - NÚMERO DE CONTROL
campo de control 000046623
003 - IDENTIFICADOR DEL NÚMERO DE CONTROL
campo de control DO-SdBPM
005 - FECHA Y HORA DE LA ÚLTIMA TRANSACCIÓN
campo de control 20260212120147.0
007 - CAMPO FIJO DE DESCRIPCIÓN FÍSICA--INFORMACIÓN GENERAL
campo de control de longitud fija ta
008 - DATOS DE LONGITUD FIJA--INFORMACIÓN GENERAL
campo de control de longitud fija 140602s2011 dr a 000 0 spa d
020 ## - NÚMERO INTERNACIONAL ESTÁNDAR DEL LIBRO
Número Internacional Estándar del Libro 9789945405989
040 ## - FUENTE DE LA CATALOGACIÓN
Centro catalogador/agencia de origen DO-SdBPM
Lengua de catalogación spa
Centro/agencia transcriptor BPMSU
Centro/agencia modificador rda
082 #4 - NÚMERO DE LA CLASIFICACIÓN DECIMAL DEWEY
Número de clasificación 923.2 7293
Número de documento/Ítem D812G 2011
Número de edición 22
100 1# - ENTRADA PRINCIPAL--NOMBRE DE PERSONA
Nombre de persona Núñez, Juan Gilberto
Código de función/relación aut.
Término indicativo de función/relación autor
245 10 - MENCIÓN DE TÍTULO
Título Duarte en mi corazón de niño /
Mención de responsabilidad, etc. Juan Gilberto Núñez ; prólogo Juan Daniel Balcácer.
250 ## - MENCIÓN DE EDICIÓN
Mención de edición 2a. ed.
264 ## - PRODUCCIÓN, PUBLICACIÓN, DISTRIBUCIÓN, FABRICACIÓN Y COPYRIGHT
Producción, publicación, distribución, fabricación y copyright Bogotá, Colombia :
Nombre del de productor, editor, distribuidor, fabricante Comisión Permanente de Efemérides Patrias,
Fecha de producción, publicación, distribución, fabricación o copyright 20121
300 ## - DESCRIPCIÓN FÍSICA
Extensión 100 [12] páginas :
Otras características físicas ilustraciones, retratos;
Dimensiones 25 cm.
336 ## - TIPO DE CONTENIDO
Término de tipo de contenido texto
Código de tipo de contenido txt
Fuente rdacontent
337 ## - TIPO DE MEDIO
Nombre/término del tipo de medio sin mediación
Código del tipo de medio n
Fuente rdamedia
338 ## - TIPO DE SOPORTE
Nombre/término del tipo de soporte volumen
Código del tipo de soporte nc
Fuente rdacarrier
500 ## - NOTA GENERAL
Nota general Incluye datos biográficos del autor
505 0# - NOTA DE CONTENIDO CON FORMATO
Nota de contenido con formato Dedicatoria -- Prólogo-- Duarte en mi corazón de niño -- Perfil biográfico de Juan Pablo Duarte -- Naciminto y bautizo -- El niño -- Viaje a Norteamerica y Europa -- Retorno a Santo Domingo -- Inicio de la causa libertadorra -- Músico, poeta y soñador -- Procesión de Nuestra Señora del Carmen -- Fundación de La Trinitaria-- La filantrópica -- La dramática Revolución de la reforma -- Persecución y destierro a Curazao -- Labor independentista en el exilio -- De regreso a la reciente República Dominicana -- Entrada triunfal -- El general Duarte.
590 ## - NOTA LOCAL (RLIN)
Nota local Inventariado, 2026/VM
650 #7 - PUNTO DE ACCESO ADICIONAL DE MATERIA--TÉRMINO DE MATERIA
Término de materia o nombre geográfico como elemento de entrada Duarte y Diez, Juan Pablo
Fechas vigentes 1813-1876
651 #7 - PUNTO DE ACCESO ADICIONAL DE MATERIA--NOMBRE GEOGRÁFICO
Nombre geográfico República Dominicana
Subdivisión general Historia
Subdivisión cronológica 1844-1861
700 1# - PUNTO DE ACCESO ADICIONAL--NOMBRE DE PERSONA
Nombre de persona Balcácer, Juan Daniel,
Fechas asociadas al nombre 1949-
Término indicativo de función/relación prólogo
710 1# - PUNTO DE ACCESO ADICIONAL--NOMBRE DE ENTIDAD CORPORATIVA
Nombre de entidad corporativa o nombre de jurisdicción como elemento de entrada (República Dominicana.
Unidad subordinada Fundación Luces y Sombras
942 ## - ELEMENTOS DE PUNTO DE ACCESO ADICIONAL (KOHA)
Fuente del sistema de clasificación o colocación Dewey Decimal Classification
Tipo de ítem Koha Libros
Existencias
Estado de retiro Estado de pérdida Fuente del sistema de clasificación o colocación No para préstamo Código de colección Localización permanente Ubicación/localización actual Fecha de adquisición Total de préstamos Signatura topográfica completa Código de barras Fecha visto por última vez Precio válido a partir de Tipo de ítem Koha
    Dewey Decimal Classification   Colección Dominicana Biblioteca Pública Metropolitana Salomé Ureña Biblioteca Pública Metropolitana Salomé Ureña 02/12/2026   BPMSU CDJ 923.27293 D812G 2011 BPMSU26020084 02/12/2026 02/12/2026 Libros